书目信息 |
| 题名: |
大数据导论
|
|
| 作者: | 周鸣争 , 陶皖 主编 | |
| 分册: | ||
| 出版信息: | 北京 中国铁道出版社 2018 |
|
| 页数: | 177页 | |
| 开本: | 26cm | |
| 丛书名: | ||
| 单 册: | ||
| 中图分类: | TP274-43 | |
| 科图分类: | ||
| 主题词: | 数据处理--shu ju chu li--高等学校--教材 | |
| 电子资源: | ||
| ISBN: | 978-7-113-24263-3 | |
| 000 | 01220nam0 2200289 450 | |
| 001 | 012001002699 | |
| 005 | 20140101133428.0 | |
| 010 | @a978-7-113-24263-3@dCNY32.00 | |
| 099 | @aCAL 012018069847 | |
| 100 | @a20180611d2018 em y0chiy50 ea | |
| 101 | 0 | @achi |
| 102 | @aCN@b110000 | |
| 105 | @aak a 000yy | |
| 106 | @ar | |
| 200 | 1 | @a大数据导论@Ada shu ju dao lun@f周鸣争, 陶皖主编 |
| 210 | @a北京@c中国铁道出版社@d2018 | |
| 215 | @a177页@c图@d26cm | |
| 320 | @a有书目 | |
| 330 | @a本书全面地阐述了大数据的内涵与特征、体系架构以及所涉及关键技术。全书共分7章,内容包括大数据概论、大数据存储、大数据处理、大数据分析、大数据可视化、大数据应用和大数据发展趋势与展望,每章内容都与主流技术和典型案例紧密结合,以便读者对大数据及其关键技术有更好地了解和掌握。 | |
| 333 | @a“十三五”高等学校规划教材 | |
| 333 | @a可以作为高等院校数据科学与大数据技术、计算机、软件工程、电子信息等相关专业以及创新创业或素质教育的大数据课程教材,也可作为其他读者深入了解大数据技术的参考用书 | |
| 606 | 0 | @a数据处理@Ashu ju chu li@x高等学校@j教材 |
| 690 | @aTP274-43@v5 | |
| 701 | 0 | @a周鸣争@Azhou ming zheng@4主编 |
| 701 | 0 | @a陶皖@Atao wan@4主编 |
| 801 | 0 | @aCN@b北京卓展@c20191020 |
| 905 | @b1204231-4@dTP274-43@e374@f4 | |
| 大数据导论/周鸣争, 陶皖主编.-北京:中国铁道出版社,2018 |
| 177页:图;26cm |
| 使用对象:“十三五”高等学校规划教材.-;可以作为高等院校数据科学与大数据技术、计算机、软件工程、电子信息等相关专业以及创新创业或素质教育的大数据课程教材,也可作为其他读者深入了解大数据技术的参考用书 |
| ISBN 978-7-113-24263-3:CNY32.00 |
| 本书全面地阐述了大数据的内涵与特征、体系架构以及所涉及关键技术。全书共分7章,内容包括大数据概论、大数据存储、大数据处理、大数据分析、大数据可视化、大数据应用和大数据发展趋势与展望,每章内容都与主流技术和典型案例紧密结合,以便读者对大数据及其关键技术有更好地了解和掌握。 |
| ● |
| 相关链接 |
|
|
|
|
正题名:大数据导论
索取号:TP274-43/374
 
预约/预借
| 序号 | 登录号 | 条形码 | 馆藏地/架位号 | 状态 | 备注 |
| 1 | 1204231 | 212042314 | 第二样本阅览室/ [索取号:TP274-43/374] | 在馆 | |
| 2 | 1204232 | 212042323 | 第三借阅区/ [索取号:TP274-43/374] | 在馆 | |
| 3 | 1204233 | 212042332 | 第三借阅区/ [索取号:TP274-43/374] | 在馆 | |
| 4 | 1204234 | 212042341 | 第三借阅区/ [索取号:TP274-43/374] | 在馆 |